| 000 | 01569nam a2200229Ia 4500 | ||
|---|---|---|---|
| 005 | 20221122142534.0 | ||
| 008 | 130821s1892 ck fr spa | ||
| 040 |
_aCo-BoUCM _bspa _cSandra Yazo (modificó) _dSandra Yazo (modificó) |
||
| 041 | _aspa | ||
| 082 | 0 | 4 |
_a378.009 _bC17 |
| 092 | _aE58N031 | ||
| 100 |
_aCarrasquilla, Rafael María _980597 _cPresbitero |
||
| 245 | 1 | 0 |
_aRevolución en la instrucción pública superior _cRafael M. Carrasquilla |
| 260 |
_aBogotá (Colombia) _bTipografía Salesiana _c1892 |
||
| 300 |
_a63 páginas _c24 x 17 cm. |
||
| 500 | _aDescripción física: Encuadernación rígida en cartón forrado en percalina, tapa delantera con texto en dorado. Guardas, la delantera con nota de donación (Para el doctor Rocha ... Juan Carrasquilla Botero, abril 1972). Portada impresa en una sola tinta. Texto impreso en una sola columna, algunas notas al pie de página. Papel muy oxidado, algunas rotureas en corte inferior. Encuadernación no es original. Página 47 con rotura y notoria intervención de restauración. Transferencia al AHUR en octubre 2022. | ||
| 505 | 0 | _aLa universidad-- La universidad en la Edad Media -- El Colegio Universitario -- El antiguo Colegio del Rosario -- El actual Colegio del Rosario -- El Estado docente -- Intervención del Gobierno -- La universidad Nacional -- Nueva organización -- Hominem non habeo -- Final | |
| 506 | _aConsulta en sala | ||
| 650 | 7 |
_aEducación superior _xHistoria _zColombia _941666 |
|
| 690 |
_aEducación superior _9177 |
||
| 942 |
_cLIBRO _a1 _e1 _mC17 _2LOCAL _hE58N031 |
||
| 999 |
_c19710 _d19710 |
||